书目信息 |
| 题名: |
海战事典
|
|
| 作者: | 查攸吟 著 ;董旻杰 主编 ;指文号角工作室 , 中国海军史研究会 主编 | |
| 分册: | 008 颠沛在命运波涛中的战舰 | |
| 出版信息: | 北京 台海出版社 2017.04 |
|
| 页数: | 264页 | |
| 开本: | 23cm | |
| 丛书名: | 指文MOOK系列 | |
| 单 册: | ||
| 中图分类: | E19-49 | |
| 科图分类: | ||
| 主题词: | 海战--hai zhan--战争史--世界--通俗读物 | |
| 电子资源: | ||
| ISBN: | 978-7-5168-1304-1 | |
| 000 | 01228nam 2200301 450 | |
| 001 | CAL 0120161763278 | |
| 005 | 20230307161149.53 | |
| 010 | @a978-7-5168-1304-1@dCNY89.80 | |
| 100 | @a20170428d2017 em y0chiy0120 ea | |
| 101 | 0 | @achi |
| 102 | @aCN@b110000 | |
| 105 | @aak z 000yy | |
| 106 | @ar | |
| 200 | 1 | @a海战事典@Ahai zhan shi dian@h008@i颠沛在命运波涛中的战舰@f主编董旻杰, 指文号角工作室, 中国海军史研究会主@g著查攸吟 |
| 210 | @a北京@c台海出版社@d2017.04 | |
| 215 | @a264页@c图@d23cm | |
| 225 | 2 | @a指文MOOK系列@Azhi wen MOOKxi lie |
| 330 | @a本书主要内容包括: 华盛顿的樱桃树: 1921-1922年不列颠的末代战列巡游舰 ; 从“亚特兰大”到“伍斯特”: 美国火炮防空巡洋舰 ; 从“诺曼底”到“里昂”: 巨兽时代的法国战列舰等。 | |
| 410 | 0 | @12001 @a指文MOOK系列 |
| 517 | 1 | @a颠沛在命运波涛中的战舰@Adian pei zai ming yun bo tao zhong de zhan jian |
| 606 | 0 | @a海战@Ahai zhan@x战争史@y世界@j通俗读物 |
| 690 | @aE19-49@v5 | |
| 701 | 0 | @a查攸吟@Acha you yin@4著 |
| 702 | 0 | @a董旻杰@Adong min jie@4主编 |
| 712 | 02 | @a指文号角工作室@Azhi wen hao jiao gong zuo shi@4主编 |
| 712 | 02 | @a中国海军史研究会@Azhong guo hai jun shi yan jiu hui@4主编 |
| 801 | 0 | @aCN@bBJXHZP@c20230228 |
| 905 | @b1405557-60@dE19-49@e132:8@f4 | |
| 海战事典.008.颠沛在命运波涛中的战舰/主编董旻杰, 指文号角工作室, 中国海军史研究会主/著查攸吟.-北京:台海出版社,2017.04 |
| 264页:图;23cm.-(指文MOOK系列) |
| ISBN 978-7-5168-1304-1:CNY89.80 |
| 本书主要内容包括: 华盛顿的樱桃树: 1921-1922年不列颠的末代战列巡游舰 ; 从“亚特兰大”到“伍斯特”: 美国火炮防空巡洋舰 ; 从“诺曼底”到“里昂”: 巨兽时代的法国战列舰等。 |
| ● |
| 相关链接 |
|
|
|
|
正题名:海战事典
索取号:E19-49/132:8
 
预约/预借
| 序号 | 登录号 | 条形码 | 馆藏地/架位号 | 状态 | 备注 |
| 1 | 1405557 | 214055573 | 第一样本阅览室/ [索取号:E19-49/132:8] | 在馆 | |
| 2 | 1405558 | 214055582 | 第一借阅区/ [索取号:E19-49/132:8] | 在馆 | |
| 3 | 1405559 | 214055591 | 第一借阅区/ [索取号:E19-49/132:8] | 在馆 | |
| 4 | 1405560 | 214055608 | 第一借阅区/ [索取号:E19-49/132:8] | 在馆 |